Dieselové generátory a ich narastajúci význam v podporných službách

Salvato in:
Dettagli Bibliografici
Autore principale: Ivan, Matúš (Autore)
Altri autori: Beláň, Anton (Relatore della tesi)
Natura: Manoscritto Libro
Lingua:slovacco
Pubblicazione: Bratislava : STU v Bratislave FEI, 2025
Soggetti:
Accesso online:https://opac.crzp.sk/?fn=detailBiblioFormChildE11OT25&sid=BA75C2D62745AD5727EE919ED92F&seo=CRZP-detail-kniha
Tags: Aggiungi Tag
Nessun Tag, puoi essere il primo ad aggiungerne!!

MARC

LEADER 00000ntm a22000003a 4500
001 stuzp102028
003 SK-STU
005 20260203094846.4
007 ta
008 150427s2015----xo-----f-mn---000-0-slo-d
040 |a STU  |b slo 
041 0 |a slo 
044 |a xo 
100 1 |a Ivan, Matúš  |u 032000  |4 aut  |U FEI Fakulta elektrotechniky a informatiky  |T FEI Ústav elektroenergetiky a aplikovanej elektrotechniky  |X 120668  |U E020  |Y 548  |7 120668 
242 0 1 |a Diesel Generators and their Growing Importance in the Ancillary Services  |y eng 
245 1 0 |a Dieselové generátory a ich narastajúci význam v podporných službách 
260 |a Bratislava :  |b STU v Bratislave FEI,  |c 2025 
300 |a 49 s. 
650 4 |a Dieselové generátory  |2 slo 
650 4 |a Podporné služby  |2 slo 
650 4 |a Záložný generátor  |2 slo 
650 4 |a Diesel generators  |2 eng 
650 4 |a Ancillary services  |2 eng 
650 4 |a Backup generators  |2 eng 
700 1 |a Beláň, Anton  |u 032000  |k Z1  |4 ths  |U FEI Fakulta elektrotechniky a informatiky  |T FEI Ústav elektroenergetiky a aplikovanej elektrotechniky  |X 2032  |U E020  |Y 548  |7 A000002032 
856 4 |u https://opac.crzp.sk/?fn=detailBiblioFormChildE11OT25&sid=BA75C2D62745AD5727EE919ED92F&seo=CRZP-detail-kniha